| 000 | 00426nam a2200181Ia 4500 | ||
|---|---|---|---|
| 001 | 2439 | ||
| 005 | 20260306144807.0 | ||
| 008 | 260306t2008||||xx |||||||||||||| ||spa|| | ||
| 041 | _aESP | ||
| 082 |
_a616.89 _bS23 |
||
| 100 |
_aSánchez Escobedo, Pedro _eAUT |
||
| 245 | 0 | _aPsicología clínica | |
| 260 | _c2008 | ||
| 300 |
_axvii, 453 páginas : _c23 cm. |
||
| 650 | _aGEN | ||
| 654 | _aCPS | ||
| 942 |
_cLIB _dJUS _fJUS _2ddc _n |
||
| 999 |
_c2439 _d2439 |
||